000 01318nam0a2200325 4500
001 RU\NLR\bibl\1234497
005 20260405161343.0
010 _a978-5-89436-160-4
_9500
021 _aRU
_b2008-2778
_91536
035 _a(nilc)EL/0000180005
035 _a(NLR Aleph) 001220747
090 _a136816
_c136816
100 _a20080317d2007 |||y0rusy50 ca
101 0 _arus
102 _aRU
105 _aa |||||||||
200 1 _aТечет вода, бегут года
_eпублицистика, стихи, критика, православие, путеводители
_fДмитрий Щипаков(Щепаков)
210 _aОрел
_cОрловское областное литературное объединение "Родное Полесье им.П.Л. Проскурина"
_d2007
215 _a298 с.
_cил., портр.
_d16
686 _a84(2Р)6-5
_vLBC/RL
_2rubbk
686 _aШ6(2=Р)75я44
700 1 _4070
_8rus
_7ca
_aЩипаков
_bД. П.
_f1943-2017
_gДмитрий Павлович
_3RU\NLR\auth\7767852
_950780
801 0 _aRU
_bОрловская ОПБ
_c20080317
_grcr
801 1 _aRU
_bОрловская ОПБ
_c20080317
801 2 _aRU
_bNLR
_c20080530
_grcr
830 _aавт. по кн.
942 _cBOOK
980 _aNB